• 首页
  • 本馆介绍
  • 公告通知
  • 最新文献
  • 馆藏检索
  • 电子资源
  • 读者导购
  • 参考咨询
  • 我的图书馆
  • 登录
  • 详细信息显示
  • 放入我的书架
  • 预约/预借图书
  • 作者相关作品
  • 分类相关作品
  • 丛书相关作品
  • 出版社相关作品

书目信息

  • 表格格式
  • 工作单格式
  • 卡片格式
题名:
校长成长之路
    
 
作者: 刘维良 , 王淑娟 著
分册:  
出版信息: 上海   华东师范大学出版社  2018
页数: 164页
开本: 23cm
丛书名:
单 册:
中图分类: G471.2
科图分类:
主题词: 校长--学校管理
电子资源:
ISBN: 978-7-5675-7184-6
000 00981nam0 2200241 450
001 3504
005 20180527162346.08
010    @a978-7-5675-7184-6@dCNY35.00
100    @a20180315d2018 em y0chiy50 ea
101 0  @achi
102    @aCN@b310000
105    @ay z 000yy
200 1  @a校长成长之路@9xiao zhang cheng zhang zhi lu@e从教育叙事看校长的胜任特征@f刘维良,王淑娟著
210    @a上海@c华东师范大学出版社@d2018
215    @a164页@d23cm
300    @a大夏书系·学校领导力 1
330    @a本书选取北京市15名有实践、有理想、有影响、有特点的知名校长,通过对他们分别独立访谈,提取每个校长发展过程中的关键事件,同时以观察法、作品分析法、质性分析法为辅,深入每个校长的学校进行深入观察调研。通过对校长的工作与生活、内心世界与情感的分析,探讨校长的成长规律,分析校长的成功因素。
606 0  @a校长@x学校管理
690    @aG471.2@v5
701  0 @a刘维良@9liu wei liang@4著
701  0 @a王淑娟@9wang shu juan@4著
801  0 @aCN@b91MARC@c20180315
905    @aMuseLib@dG471.2@e138
    
    校长成长之路:从教育叙事看校长的胜任特征/刘维良,王淑娟著.-上海:华东师范大学出版社,2018
    164页;23cm
    大夏书系·学校领导力 1
    
    ISBN 978-7-5675-7184-6:CNY35.00
    本书选取北京市15名有实践、有理想、有影响、有特点的知名校长,通过对他们分别独立访谈,提取每个校长发展过程中的关键事件,同时以观察法、作品分析法、质性分析法为辅,深入每个校长的学校进行深入观察调研。通过对校长的工作与生活、内心世界与情感的分析,探讨校长的成长规律,分析校长的成功因素。
●
相关链接 在E读中查询图书 在五车中查询图书 在当当中查询图书 在豆瓣中查询图书


正题名:校长成长之路     索取号:G471.2/138         预约/预借

序号 登录号 条形码 馆藏地/架位号 状态 备注
1 1109464   211094643   第一样本阅览室/ [索取号:G471.2/138] 在馆    
2 1109465   211094652   教育系资料室/ [索取号:G471.2/138] 在馆    
3 1109466   211094661   教育系资料室/ [索取号:G471.2/138] 在馆    
4 1109467   211094670   第四借阅区/ [索取号:G471.2/138] 在馆    
唐山师范学院图书馆 欢迎您!
大连网信软件有限公司© 版权所有